| 000 | 01018nam a2200301 i 4500 | ||
|---|---|---|---|
| 001 | 186449 | ||
| 003 | SpMaBN | ||
| 005 | 20260525062936.0 | ||
| 008 | 161114s1979 sp |||| | spa d | ||
| 017 |
_aM 19803-1979 _bOficina Depósito Legal Madrid |
||
| 020 | _a8423910024 | ||
| 040 | _cES-MaACL | ||
| 080 | _a821.134.2(83)-14"19" | ||
| 100 | 1 |
_aMistral, Gabriela, _d1889-1957 _eaut _9242376 |
|
| 245 | 1 | 0 |
_aDesolación / _cGabriela Mistral. |
| 250 | _aQuinta edición | ||
| 260 |
_aMadrid : _bEspasa-Calpe, _c1979. |
||
| 300 |
_a231 páginas ; _c18 cm. |
||
| 490 | 1 |
_aColección austral ; _v1002 |
|
| 655 | 7 |
_2tgfbne _9176539 _aPoesías |
|
| 655 | 7 |
_2tgfbne _9226829 _aCuentos |
|
| 655 | 0 |
_9176540 _aAntologías |
|
| 830 | 1 |
_aColección austral _v1002 _9177655 |
|
| 852 |
_aES-MaACL _jL-30803 _9193505 _cDEPO2 _hDonación: Miguel A. Velasco _xEncuadernación rústica |
||
| 942 |
_cMONOGRAFIA _n0 |
||
| 954 | _iHelena Reinbold Alonso | ||
| 999 |
_c186449 _d186449 |
||